[Event "Oberschwaben-chB"]
[Site "Markdorf"]
[Date "2009.05.21"]
[Round "2.3"]
[White "Benkö, Florian"]
[Black "Betzen, Wolfgang"]
[Result "1-0"]
[WhiteElo "1683"]
[BlackElo "1850"]
[PlyCount "79"]
[EventDate "2009.??.??"]
[WhiteTeam "SC Tettnang"]
[BlackTeam "SC Wangen"]

1. Nc3 g6 2. e4 Bg7 3. d4 d6 4. Be3 Nf6 5. f3 O-O 6. Qd2 Nbd7 7. g4 c5 8. d5
Qa5 9. Bh6 a6 10. h4 b5 11. h5 Bxh6 12. Qxh6 g5 13. Nh3 Ne5 14. Be2 b4 15. Nd1
Bd7 16. Ne3 Kh8 17. Nxg5 Rg8 18. f4 Rxg5 19. fxe5 Rxe5 20. Nc4 Qc7 21. Nxe5
dxe5 22. Rf1 Ng8 23. Qg5 f6 24. Qh4 h6 25. Qf2 c4 26. Qe3 Qc8 27. Rg1 a5 28. c3
Qc7 29. Kf2 Kg7 30. g5 fxg5 31. Rxg5+ Kh7 32. Rg3 Rf8+ 33. Bf3 Nf6 34. Ke2 Be8
35. Rag1 Nxh5 36. Bxh5 Bxh5+ 37. Ke1 Rf7 38. Rh3 bxc3 39. Rxh5 Rf6 40. Qg3 1-0

[Event "Oberschwaben-chB"]
[Site "Markdorf"]
[Date "2009.05.21"]
[Round "2.4"]
[White "Gräber, Gero"]
[Black "Meger, Wilfried"]
[Result "0-1"]
[WhiteElo "1682"]
[BlackElo "1812"]
[PlyCount "108"]
[EventDate "2009.??.??"]
[WhiteTeam "SC Tettnang"]
[BlackTeam "SF Mengen"]

1. e4 c5 2. Nf3 d6 3. d4 cxd4 4. Nxd4 Nf6 5. Nc3 a6 6. Be3 e5 7. Nf3 Be7 8. Bd3
O-O 9. O-O Be6 10. Ng5 Bd7 11. Nf3 Bc6 12. h3 Nbd7 13. Nh2 b5 14. a3 Nb6 15. b3
Qc7 16. Bd2 Rfe8 17. Ng4 Rad8 18. Nxf6+ Bxf6 19. f4 d5 20. exd5 Nxd5 21. Nxd5
Bxd5 22. fxe5 Bxe5 23. Rb1 Bd4+ 24. Kh1 Qc6 25. Qg4 Rd6 26. Rbe1 Red8 27. Re2
Rf6 28. Rxf6 Bxf6 29. Bg5 Qd6 30. Bxf6 Qxf6 31. Qf5 Qxf5 32. Bxf5 g6 33. Bg4 h5
34. Bf3 Bxf3 35. gxf3 Rd1+ 36. Kg2 Ra1 37. c4 Rxa3 38. Rc2 Rxb3 39. c5 Rd3 40.
c6 Rd8 41. c7 Rc8 42. Rc6 Kf8 43. Rxa6 Rxc7 44. Rb6 Rc5 45. h4 Ke7 46. Kg3 Kd7
47. Rb7+ Ke6 48. Rb6+ Ke5 49. Rb7 f6 50. Rb6 Kf5 51. Rb8 g5 52. hxg5 fxg5 53.
Rf8+ Ke5 54. Rb8 Kd4 0-1

[Event "Oberschwaben-chB"]
[Site "Markdorf"]
[Date "2009.05.21"]
[Round "2.5"]
[White "Baur, Helmut"]
[Black "Scherbaum, Guenter"]
[Result "0-1"]
[WhiteElo "1661"]
[BlackElo "1804"]
[PlyCount "50"]
[EventDate "2009.??.??"]
[WhiteTeam "SF Mengen"]
[BlackTeam "SC Lindau"]

1. d4 f5 2. Bg5 g6 3. c4 Bg7 4. Nc3 Nf6 5. h4 h6 6. Bf4 d6 7. Nf3 Nbd7 8. e3
Nh5 9. Bh2 O-O 10. Bd3 e5 11. dxe5 dxe5 12. e4 Nc5 13. Bc2 Qe7 14. Qe2 f4 15.
O-O-O c6 16. g4 fxg3 17. fxg3 Bg4 18. Rdf1 Rf7 19. Qe3 Raf8 20. Nd2 Nf6 21. Bd1
Bxd1 22. Nxd1 Ng4 23. Rxf7 Rxf7 24. Qe2 h5 25. Ne3 Rf2 0-1

[Event "Oberschwaben-chB"]
[Site "Markdorf"]
[Date "2009.05.21"]
[Round "2.6"]
[White "Voss, Michael"]
[Black "Starcevic, Bozo"]
[Result "0-1"]
[WhiteElo "1667"]
[BlackElo "1784"]
[PlyCount "114"]
[EventDate "2009.??.??"]
[WhiteTeam "SC Lindau"]
[BlackTeam "SC Tettnang"]

1. e4 c5 2. d4 cxd4 3. c3 dxc3 4. Nxc3 a6 5. Bc4 e6 6. a4 Nc6 7. Nf3 Qc7 8. O-O
Nge7 9. Qe2 Ng6 10. Rd1 Bd6 11. Be3 b6 12. Rac1 O-O 13. Nb5 axb5 14. axb5 Nge5
15. bxc6 Nxf3+ 16. Qxf3 dxc6 17. Bxb6 Bxh2+ 18. Kh1 Qxb6 19. Kxh2 Qxb2 20. g3
g6 21. Rh1 Ra3 22. Qf4 e5 23. Qf6 Qd2 24. Rcd1 Qh6+ 25. Kg2 Qg7 26. Qxc6 Bg4
27. Rd3 Rxd3 28. Bxd3 Be6 29. Qc5 Qf6 30. Qe3 Rd8 31. Be2 Qg7 32. Qh6 Rd4 33.
Qxg7+ Kxg7 34. Bf3 f5 35. Re1 Kf6 36. Re2 Bc4 37. Re3 Bd3 38. exf5 gxf5 39. Be2
Be4+ 40. Bf3 Bxf3+ 41. Kxf3 h5 42. Ke2 Ra4 43. Rb3 h4 44. gxh4 Rxh4 45. Rb6+
Kg5 46. Rb5 Kf4 47. Rb4+ e4 48. Rb3 Rh1 49. Ra3 Rb1 50. Re3 Rb2+ 51. Kf1 Rd2
52. Ra3 Rd3 53. Ra1 Kf3 54. Re1 f4 55. Ra1 Rb3 56. Rc1 Rb2 57. Kg1 Rxf2 0-1

[Event "Oberschwaben-chB"]
[Site "Markdorf"]
[Date "2009.05.21"]
[Round "2.7"]
[White "Leser, Alfred"]
[Black "Goda, Frederic"]
[Result "1-0"]
[WhiteElo "1782"]
[BlackElo "1657"]
[PlyCount "67"]
[EventDate "2009.??.??"]
[WhiteTeam "SF Mengen"]
[BlackTeam "SC Weisse Dame Ulm e.V."]

1. c4 Nf6 2. Nc3 g6 3. g3 Bg7 4. Bg2 O-O 5. e4 d6 6. Nge2 c5 7. O-O Nc6 8. d3
Rb8 9. Rb1 a6 10. a4 e6 11. Bg5 Qc7 12. Qd2 Rd8 13. h3 Ne7 14. Kh2 Bd7 15. b4
cxb4 16. Rxb4 Qc5 17. Rfb1 Bc6 18. d4 Qa7 19. Qe3 d5 20. cxd5 Bd7 21. Qf3 exd5
22. e5 Nc6 23. exf6 Bf8 24. Rb6 Bf5 25. Nxd5 Bxb1 26. Rxb1 b5 27. Bf4 Nxd4 28.
Nxd4 Qxd4 29. Bxb8 Rxb8 30. axb5 axb5 31. Ne7+ Bxe7 32. fxe7 Qd6 33. Qf4 Qb6
34. Bc6 1-0

[Event "Oberschwaben-chB"]
[Site "Markdorf"]
[Date "2009.05.21"]
[Round "2.8"]
[White "Engler, Gunter"]
[Black "Heil, Marina"]
[Result "1/2-1/2"]
[WhiteElo "1667"]
[BlackElo "1754"]
[PlyCount "89"]
[EventDate "2009.??.??"]
[WhiteTeam "SC Lindau"]
[BlackTeam "SF Wetzisreute"]

1. d4 g6 2. c4 Bg7 3. Nf3 Nf6 4. Nc3 O-O 5. Bf4 d6 6. e3 Nh5 7. Bg3 Nxg3 8.
hxg3 c5 9. Be2 cxd4 10. exd4 Nc6 11. O-O e6 12. a3 b6 13. Rc1 Bh6 14. Rb1 Bb7
15. b4 Bg7 16. Qd2 Qf6 17. Rfd1 Rad8 18. Rbc1 Rfe8 19. Ne4 Qe7 20. Nc3 f5 21.
Bf1 Qf6 22. d5 Ne5 23. Re1 Ng4 24. Rc2 e5 25. Nh2 Nh6 26. Nb5 a6 27. Nc7 Re7
28. Ne6 Rc8 29. Nxg7 Kxg7 30. a4 Rec7 31. Rec1 Qf7 32. Nf3 Ng4 33. Ng5 Qe7 34.
Ne6+ Kg8 35. Nxc7 Rxc7 36. f3 Nf6 37. Bd3 Qd7 38. b5 a5 39. Bf1 Qf7 40. Kf2 Nd7
41. Be2 Nc5 42. Qg5 Re7 43. Ra1 Qg7 44. Ra3 Re8 45. Rd2 1/2-1/2

[Event "Oberschwaben-chB"]
[Site "Markdorf"]
[Date "2009.05.21"]
[Round "2.9"]
[White "Nuber, Reinhard"]
[Black "Rauscher, Benjamin"]
[Result "1-0"]
[WhiteElo "1742"]
[BlackElo "1571"]
[PlyCount "53"]
[EventDate "2009.??.??"]
[WhiteTeam "Sabt TSV 1880 Neu-Ulm"]
[BlackTeam "SK Markdorf"]

1. e4 c5 2. Nf3 Nc6 3. d4 cxd4 4. Nxd4 e5 5. Nb3 Nf6 6. Nc3 Bb4 7. Bc4 O-O 8.
O-O Bxc3 9. bxc3 Nxe4 10. Ba3 d6 11. Qf3 Ng5 12. Qe3 Qf6 13. Rad1 Rd8 14. Bxd6
Rxd6 15. Rxd6 Nh3+ 16. gxh3 Qxd6 17. Nc5 Qg6+ 18. Kh1 b6 19. Rg1 Qh5 20. Bd5
Bxh3 21. Bxc6 Rc8 22. Bf3 Qh4 23. Ne4 h6 24. Nd6 Rc5 25. Be4 Ra5 26. Bf5 Qe7
27. Qxh6 1-0

[Event "Oberschwaben-chB"]
[Site "Markdorf"]
[Date "2009.05.21"]
[Round "2.10"]
[White "Rünz, Wilfried"]
[Black "Montgomery, Mike"]
[Result "1-0"]
[WhiteElo "1657"]
[BlackElo "1735"]
[PlyCount "57"]
[EventDate "2009.??.??"]
[WhiteTeam "SK Leutkirch"]
[BlackTeam "SC Lindau"]

1. Nf3 b6 2. d4 Ba6 3. g3 e6 4. Bg2 Nf6 5. O-O d5 6. Re1 c5 7. b3 Nc6 8. Bb2
Rc8 9. Nbd2 Be7 10. e3 O-O 11. Bf1 Bxf1 12. Rxf1 Ne4 13. c4 f5 14. dxc5 Bxc5
15. cxd5 exd5 16. Nd4 Qe8 17. N2f3 Rc7 18. Nxc6 Qxc6 19. Rc1 Qb7 20. Nd4 Re7
21. Qe2 Qd7 22. Kg2 g5 23. h3 f4 24. Qg4 Qxg4 25. hxg4 Nd2 26. Rfd1 fxe3 27.
fxe3 Ne4 28. Nf5 Rd7 29. Nh6# 1-0

[Event "Oberschwaben-chB"]
[Site "Markdorf"]
[Date "2009.05.21"]
[Round "2.11"]
[White "Längl, Josef"]
[Black "Stadelmayer, Bernd"]
[Result "0-1"]
[WhiteElo "1148"]
[BlackElo "1704"]
[PlyCount "54"]
[EventDate "2009.??.??"]
[WhiteTeam "SC Tettnang"]
[BlackTeam "SK Leutkirch"]

1. e4 e5 2. Nf3 Nc6 3. Bb5 a6 4. Ba4 Nf6 5. Nc3 b5 6. Bb3 Be7 7. O-O O-O 8. d4
exd4 9. Nxd4 Bb7 10. Bd5 Nxd5 11. exd5 Nxd4 12. Qxd4 Bf6 13. Qd3 Re8 14. Ne4
Re5 15. c4 bxc4 16. Qxc4 Bxd5 17. Nxf6+ Qxf6 18. Qf4 Qe6 19. Be3 Re4 20. Qxc7
Rg4 21. f3 Qxe3+ 22. Kh1 Qe2 23. Rg1 Bxf3 24. h3 Bxg2+ 25. Kh2 Bf1+ 26. Kh1
Rxg1+ 27. Kxg1 Qg2# 0-1

[Event "Oberschwaben-chB"]
[Site "Markdorf"]
[Date "2009.05.21"]
[Round "2.12"]
[White "Schleiffer, Helmut"]
[Black "Kolas, Matija"]
[Result "1-0"]
[WhiteElo "1867"]
[BlackElo "1661"]
[PlyCount "129"]
[EventDate "2009.??.??"]
[WhiteTeam "SF Vöhringen"]
[BlackTeam "SK Markdorf"]

1. e4 e6 2. d4 d5 3. Nc3 c6 4. e5 Ne7 5. f4 Nf5 6. Nf3 Be7 7. Bd3 O-O 8. Ne2
Nd7 9. c3 a6 10. Qc2 g6 11. Bd2 c5 12. Bxf5 exf5 13. dxc5 Nxc5 14. Be3 Ne4 15.
Nd2 Be6 16. Nd4 Qb6 17. Nxf5 Bc5 18. Bxc5 Qxc5 19. Nxe4 Bxf5 20. Nxc5 Bxc2 21.
Rc1 Bf5 22. Nb3 Rac8 23. Kf2 f6 24. Rhe1 fxe5 25. Rxe5 Be4 26. g3 Rc7 27. Nd2
Rf5 28. Nxe4 dxe4 29. Rxe4 Rd5 30. Rce1 b5 31. Re7 Rd2+ 32. R1e2 Rxe2+ 33. Rxe2
Kf7 34. Re5 Kf6 35. g4 Rd7 36. Ke2 Rd6 37. Re4 Rc6 38. a4 h5 39. axb5 axb5 40.
gxh5 Kf5 41. Re5+ Kxf4 42. Rxb5 Re6+ 43. Kf2 g5 44. Rb4+ Kf5 45. Kf3 Re1 46.
Rb5+ Kf6 47. Rd5 Rb1 48. Rd2 Kf5 49. h6 g4+ 50. Kg3 Kg6 51. Rd6+ Kh7 52. Rb6
Rg1+ 53. Kf2 Rh1 54. Kg2 Rc1 55. h3 gxh3+ 56. Kxh3 Rh1+ 57. Kg4 Rf1 58. c4 Rc1
59. b3 Rc2 60. Kf4 Rc1 61. Ke4 Re1+ 62. Kd5 Rd1+ 63. Kc5 Rf1 64. Kb5 Rf3 65. b4
1-0

[Event "Oberschwaben-chB"]
[Site "Markdorf"]
[Date "2009.05.21"]
[Round "2.13"]
[White "Zeller, Roman"]
[Black "Hörsch, Florian"]
[Result "1-0"]
[WhiteElo "1828"]
[BlackElo "1535"]
[PlyCount "53"]
[EventDate "2009.??.??"]
[WhiteTeam "SV Friedrichshafen"]
[BlackTeam "SAbt TSV Langenau"]

1. e4 c5 2. Nf3 Nc6 3. d4 cxd4 4. Nxd4 d6 5. c4 Nf6 6. Nc3 e6 7. Be3 Be7 8. Be2
O-O 9. O-O a6 10. f3 Bd7 11. Qd2 Ne5 12. Rac1 Rc8 13. b3 Qa5 14. Rfd1 Rfd8 15.
Nd5 Qxd2 16. Nxe7+ Kf8 17. Rxd2 Kxe7 18. Rcd1 h6 19. Nc2 Be8 20. c5 d5 21. Bf4
Ng6 22. Bd6+ Kd7 23. exd5 Nxd5 24. Bc4 Nge7 25. Re1 b5 26. Bxd5 Nxd5 27. Rxd5
1-0

[Event "Oberschwaben-chB"]
[Site "Markdorf"]
[Date "2009.05.21"]
[Round "2.14"]
[White "Oberndörfer, Frank"]
[Black "Kitzelmann, Stefan"]
[Result "1-0"]
[WhiteElo "1785"]
[BlackElo "1335"]
[PlyCount "73"]
[EventDate "2009.??.??"]
[WhiteTeam "SF Wetzisreute"]
[BlackTeam "SC Wangen"]

1. d4 Nc6 2. Nf3 d5 3. c3 Nf6 4. Bg5 Ne4 5. Bh4 Bf5 6. Qb3 Qd6 7. Bg3 Nxg3 8.
hxg3 O-O-O 9. Nbd2 e5 10. dxe5 Nxe5 11. Nd4 Qd7 12. Rh5 g6 13. Rh1 Nc6 14. N2f3
f6 15. e3 Na5 16. Qd1 Nc4 17. b3 Ne5 18. Bb5 c6 19. Be2 Ba3 20. Nxf5 Qxf5 21.
Nd4 Qd7 22. Rb1 Bd6 23. b4 Nc4 24. Rh3 Rdf8 25. Qb3 b5 26. a4 a6 27. axb5 axb5
28. Ra1 Qb7 29. Bxc4 dxc4 30. Qd1 Rf7 31. Nxb5 cxb5 32. Qxd6 Qxg2 33. Qe6+ Rd7
34. Ke2 Rhd8 35. Rxh7 Qd5 36. Qxd5 Rxh7 37. Qc6+ 1-0

[Event "Oberschwaben-chB"]
[Site "Markdorf"]
[Date "2009.05.21"]
[Round "2.15"]
[White "Heinrich, Ernst"]
[Black "Pohl, Manfred"]
[Result "1/2-1/2"]
[WhiteElo "1706"]
[BlackElo "1607"]
[PlyCount "90"]
[EventDate "2009.??.??"]
[WhiteTeam "SK Markdorf"]
[BlackTeam "SC Wangen"]

1. e4 Nc6 2. d4 e6 3. Nf3 Nf6 4. e5 Nd5 5. c4 Bb4+ 6. Bd2 Bxd2+ 7. Nbxd2 Nf4 8.
Ne4 Qe7 9. Qd2 Qb4 10. Nc3 Ng6 11. Bd3 a6 12. O-O O-O 13. h4 Qe7 14. g3 f5 15.
h5 Nh8 16. Ne2 Nf7 17. Nf4 Ng5 18. Nxg5 Qxg5 19. Qe3 Nb4 20. Bb1 b6 21. a3 Nc6
22. Ba2 Nd8 23. d5 Qe7 24. Rac1 Kh8 25. Rfd1 Bb7 26. c5 bxc5 27. Rxc5 d6 28.
Rc3 exd5 29. exd6 Qxd6 30. Qd2 c6 31. Re1 Bc8 32. Rce3 Bd7 33. Qd4 Nf7 34. Ne6
Rg8 35. Bb1 Bxe6 36. Rxe6 Qd8 37. Bxf5 Ng5 38. R6e3 Qf6 39. Qxf6 gxf6 40. f4
Nf7 41. Be6 Rg7 42. b4 Nd6 43. h6 Re7 44. Rc1 Nf5 45. Ree1 Nxg3 1/2-1/2

[Event "Oberschwaben-chB"]
[Site "Markdorf"]
[Date "2009.05.21"]
[Round "2.16"]
[White "Herpich, Tristan"]
[Black "Funk, Markus"]
[Result "0-1"]
[WhiteElo "800"]
[BlackElo "1649"]
[PlyCount "77"]
[EventDate "2009.??.??"]
[WhiteTeam "SC Lindau"]
[BlackTeam "SV Friedrichshafen"]

1. d4 d5 2. e3 Nf6 3. Nf3 Bg4 4. Be2 e6 5. O-O c5 6. c4 Nc6 7. Nc3 Be7 8. b3
O-O 9. Ba3 Qa5 10. Bb2 Rfd8 11. h3 Bxf3 12. Bxf3 cxd4 13. exd4 dxc4 14. Bxc6
bxc6 15. bxc4 Qb4 16. Qd2 Qxc4 17. Ne2 Ne4 18. Qf4 Qxe2 19. Rab1 Nf6 20. Qg3
Rab8 21. Rfe1 Qa6 22. d5 cxd5 23. Be5 Rxb1 24. Rxb1 d4 25. Bxf6 Bxf6 26. Rb8
Qa5 27. Rb7 d3 28. Rb1 d2 29. Rd1 Qxa2 30. Kh2 Qc2 31. Qf3 a5 32. g4 a4 33. Kg1
a3 34. Kf1 a2 35. Kg1 a1=Q 36. Rxa1 Bxa1 37. Kg2 d1=Q 38. Qg3 Qe4+ 39. Kh2 0-1

[Event "Oberschwaben-chB"]
[Site "Markdorf"]
[Date "2009.05.21"]
[Round "2.17"]
[White "Gräber, Gordian"]
[Black "Oestreicher, Hans-Ulrich"]
[Result "0-1"]
[WhiteElo "1492"]
[BlackElo "1982"]
[PlyCount "102"]
[EventDate "2009.??.??"]
[WhiteTeam "SC Tettnang"]
[BlackTeam "SK Markdorf"]

1. e4 c6 2. d4 d5 3. exd5 cxd5 4. Nf3 Nf6 5. Bb5+ Bd7 6. Bxd7+ Qxd7 7. Ne5 Qb5
8. Nc3 Qb6 9. O-O Nc6 10. Nxc6 bxc6 11. Qd3 e6 12. Be3 Be7 13. f3 O-O 14. b3
Nd7 15. Ne2 Rac8 16. Rac1 c5 17. c3 c4 18. bxc4 Rxc4 19. Rb1 Qc6 20. Rb3 Rc8
21. Rfb1 Nb6 22. Bd2 Ra4 23. Qc2 Bd6 24. Bf4 Bxf4 25. Nxf4 Rxd4 26. Ne2 Rh4 27.
Rb4 Rxb4 28. Rxb4 Qc5+ 29. Nd4 e5 30. Rb5 Qxd4+ 31. cxd4 Rxc2 32. dxe5 Kf8 33.
Ra5 Rc7 34. Kf2 Ke7 35. f4 Ke6 36. g4 g5 37. fxg5 Kxe5 38. Kg3 Nc4 39. Ra6 Nb6
40. Ra5 Ke4 41. Rb5 Rc3+ 42. Kf2 Rc2+ 43. Kg3 Rxa2 44. h4 Ra3+ 45. Kf2 d4 46.
Rf5 Rh3 47. Rxf7 Rxh4 48. Kg3 Rh1 49. Re7+ Kd5 50. Kg2 d3 51. Rxa7 d2 0-1

[Event "Oberschwaben-chB"]
[Site "Markdorf"]
[Date "2009.05.21"]
[Round "2.18"]
[White "Fichtl, Xaver"]
[Black "Laub, Bertram"]
[Result "1-0"]
[WhiteElo "1809"]
[BlackElo "1498"]
[PlyCount "50"]
[EventDate "2009.??.??"]
[WhiteTeam "SC Lindau"]
[BlackTeam "SAbt TG Biberach"]

1. e4 e6 2. d4 d5 3. Bd3 Nc6 4. c3 Be7 5. e5 Bd7 6. f4 Na5 7. Nf3 c5 8. dxc5
Rc8 9. b4 Nc4 10. Bxc4 dxc4 11. Be3 a5 12. a3 Qc7 13. O-O Rd8 14. Qe2 axb4 15.
axb4 Bb5 16. Nd4 Qd7 17. Nd2 b6 18. Ne4 bxc5 19. bxc5 Rc8 20. Rfb1 Bc6 21. Nd6+
Bxd6 22. cxd6 Be4 23. Rb4 Bd3 24. Qf3 Nh6 25. Rb7 Qd8 1-0

[Event "Oberschwaben-chB"]
[Site "Markdorf"]
[Date "2009.05.21"]
[Round "2.19"]
[White "Lewandowski, Tadeus"]
[Black "Ebel, Klaus"]
[Result "1-0"]
[WhiteElo "1688"]
[BlackElo "1400"]
[PlyCount "37"]
[EventDate "2009.??.??"]
[WhiteTeam "SF Ravensburg"]
[BlackTeam "SK Markdorf"]

1. d4 d5 2. c4 e6 3. Nc3 Nf6 4. Bg5 Be7 5. e3 c6 6. cxd5 cxd5 7. Bd3 h6 8. Bh4
a6 9. Nf3 Nc6 10. O-O b5 11. Rc1 Bd7 12. Qe2 Nb4 13. Bb1 Ng4 14. Bxe7 Qxe7 15.
e4 dxe4 16. Qxe4 Rc8 17. Qxg4 Qf6 18. Ne5 Nd5 19. Nxd5 1-0

[Event "Oberschwaben-chB"]
[Site "Markdorf"]
[Date "2009.05.21"]
[Round "2.21"]
[White "Holzer, Daniel"]
[Black "Heil, Peter"]
[Result "1-0"]
[WhiteElo "1229"]
[BlackElo "1635"]
[PlyCount "54"]
[EventDate "2009.??.??"]
[WhiteTeam "SAbt Post-SV Ulm"]
[BlackTeam "SF Wetzisreute"]

1. d4 g6 2. e4 d6 3. Nf3 Bg7 4. Bc4 Nf6 5. O-O Nxe4 6. Re1 Nf6 7. Qe2 e6 8. Nc3
O-O 9. Bd2 b6 10. d5 e5 11. Qd3 Nbd7 12. b4 Bb7 13. Be3 a5 14. a3 axb4 15. axb4
Rxa1 16. Rxa1 e4 17. Nxe4 Nxe4 18. Ra7 Qb8 19. Qxe4 Qxa7 20. h3 Ne5 21. Qh4
Nxf3+ 22. gxf3 Qa1+ 23. Kg2 Qc3 24. Bb3 Re8 25. Ba4 Ra8 26. Bf4 Bxd5 27. Qg4
Bxf3+ 1-0

[Event "Oberschwaben-chB"]
[Site "Markdorf"]
[Date "2009.05.21"]
[Round "2.22"]
[White "Özdemir, Murat"]
[Black "Schmollinger, Jonathan"]
[Result "1-0"]
[WhiteElo "1596"]
[BlackElo "960"]
[PlyCount "118"]
[EventDate "2009.??.??"]
[WhiteTeam "SF Ravensburg"]
[BlackTeam "SAbt Post-SV Ulm"]

1. d4 e5 2. dxe5 Nc6 3. Nf3 Qe7 4. Bf4 Qb4+ 5. Nc3 Qxf4 6. Nd5 Qa4 7. Nxc7+ Kd8
8. Nxa8 Qb4+ 9. Qd2 Qxb2 10. Rc1 Ba3 11. Kd1 Nb4 12. Qg5+ Ne7 13. e6 Nxa2 14.
Ne5 Nc3+ 15. Ke1 Qxc1+ 16. Qxc1 Bxc1 17. Nxf7+ Ke8 18. Nc7+ Kf8 19. Nxh8 dxe6
20. e3 Kg8 21. Bc4 Kxh8 22. Nb5 Nxb5 23. Bxb5 Nd5 24. Kd1 Ba3 25. c4 Nc3+ 26.
Kc2 Nxb5 27. cxb5 Kg8 28. Rd1 Be7 29. Ra1 a6 30. bxa6 bxa6 31. Ra4 Kf7 32. Rc4
Bb7 33. f3 Bd5 34. Rc7 Kf6 35. e4 Ba8 36. e5+ Kf7 37. Ra7 Bd5 38. Kd3 h5 39.
Rxa6 g5 40. Ra7 Kf8 41. Kd4 Ke8 42. Rc7 Kf7 43. Ke3 Ke8 44. g3 Kf7 45. f4 g4
46. Kd4 Bb3 47. Rb7 Ba4 48. Ra7 Bb3 49. Rc7 Ke8 50. Rc3 Ba4 51. Ke4 h4 52. gxh4
Bxh4 53. f5 exf5+ 54. Kxf5 Bd1 55. e6 Ke7 56. Rc7+ Kd6 57. Rd7+ Kc6 58. Rxd1
Kc7 59. Kxg4 Be7 1-0

[Event "Oberschwaben-chB"]
[Site "Markdorf"]
[Date "2009.05.21"]
[Round "2.23"]
[White "Thyron, Franz"]
[Black "Leser, Jasmin"]
[Result "1-0"]
[WhiteElo "1581"]
[BlackElo "907"]
[PlyCount "87"]
[EventDate "2009.??.??"]
[WhiteTeam "SF Ravensburg"]
[BlackTeam "SF Mengen"]

1. d4 d5 2. e3 Nc6 3. a3 Bf5 4. Nf3 Nf6 5. Nbd2 e6 6. h3 h6 7. Bb5 a6 8. Bxc6+
bxc6 9. Ne5 c5 10. O-O cxd4 11. exd4 Bd6 12. c3 O-O 13. b4 Nd7 14. Ndf3 a5 15.
Nc6 Qf6 16. Nxa5 Qg6 17. Nh4 Qf6 18. Nxf5 Qxf5 19. Qg4 Qxg4 20. hxg4 Nf6 21. f3
e5 22. Be3 h5 23. g5 Nd7 24. Nb7 exd4 25. Bxd4 Bg3 26. Nc5 Nxc5 27. Bxc5 Rfe8
28. a4 Re5 29. f4 Re2 30. Rf3 Re1+ 31. Rxe1 Bxe1 32. a5 Re8 33. a6 h4 34. Re3
Rxe3 35. Bxe3 Bxc3 36. a7 d4 37. a8=Q+ Kh7 38. Bxd4 Bxd4+ 39. Kf1 Kg6 40. Qe4+
f5 41. Qxd4 Kh5 42. Qxg7 Kg4 43. Qe5 h3 44. Qe2+ 1-0

[Event "Oberschwaben-chB"]
[Site "Markdorf"]
[Date "2009.05.21"]
[Round "2.24"]
[White "Eizenhöfer, Rudolf"]
[Black "Benkö, Jakob"]
[Result "1-0"]
[WhiteElo "1555"]
[BlackElo "879"]
[PlyCount "71"]
[EventDate "2009.??.??"]
[WhiteTeam "SK Markdorf"]
[BlackTeam "SC Tettnang"]

1. e4 e5 2. Nf3 Nc6 3. c3 Nf6 4. d3 d5 5. exd5 Nxd5 6. Be2 Bg4 7. O-O Bc5 8.
Qa4 Bxf3 9. Bxf3 Qd6 10. Qg4 Nf4 11. Bxf4 exf4 12. d4 Bb6 13. Nd2 h5 14. Bxc6+
Qxc6 15. Rae1+ Kf8 16. Qxf4 Rh6 17. Qh4 Rg6 18. g3 Rh6 19. Re5 g6 20. Qf4 Kg7
21. Nf3 Qf6 22. Qe3 Rhh8 23. h4 c6 24. Ng5 Bc7 25. Re7 Bd6 26. Rxf7+ Qxf7 27.
Nxf7 Kxf7 28. Qf3+ Kg7 29. Re1 Raf8 30. Qd3 c5 31. Re6 Rf6 32. Rxf6 Kxf6 33.
Qf3+ Ke6 34. Qxb7 cxd4 35. cxd4 a5 36. Qg7 1-0

[Event "Oberschwaben-chB"]
[Site "Markdorf"]
[Date "2009.05.22"]
[Round "3.1"]
[White "Nuber, Reinhard"]
[Black "Jäckel, Thomas"]
[Result "0-1"]
[WhiteElo "1742"]
[BlackElo "1853"]
[PlyCount "74"]
[EventDate "2009.??.??"]
[WhiteTeam "Sabt TSV 1880 Neu-Ulm"]
[BlackTeam "SC Lindau"]

1. d4 Nf6 2. c4 g6 3. Nc3 Bg7 4. e4 d6 5. f3 O-O 6. Be3 e5 7. dxe5 dxe5 8. Qxd8
Rxd8 9. Nd5 Ne8 10. Ne7+ Kh8 11. Nxc8 Rxc8 12. O-O-O Nc6 13. Nh3 Nd4 14. Bxd4
exd4 15. c5 h6 16. Bc4 Kg8 17. Rd3 Rd8 18. Rhd1 Rd7 19. Nf4 Kf8 20. Kc2 c6 21.
b4 Nc7 22. a4 b6 23. b5 cxb5 24. axb5 bxc5 25. Ra1 Rdd8 26. Ra2 Rdb8 27. Nd5
Ne6 28. Rda3 Be5 29. g3 Rb7 30. b6 Nd8 31. Rxa7 Rbxa7 32. Rxa7 Rb8 33. f4 Nc6
34. Rc7 Bxc7 35. bxc7 Rc8 36. Bb5 Nb4+ 37. Nxb4 cxb4 0-1

[Event "Oberschwaben-chB"]
[Site "Markdorf"]
[Date "2009.05.22"]
[Round "3.2"]
[White "Meger, Wilfried"]
[Black "Schneider, Thomas"]
[Result "1/2-1/2"]
[WhiteElo "1812"]
[BlackElo "1695"]
[PlyCount "128"]
[EventDate "2009.??.??"]
[WhiteTeam "SF Mengen"]
[BlackTeam "SF Ravensburg"]

1. Nf3 Nf6 2. g3 d5 3. Bg2 c6 4. O-O h6 5. c4 e6 6. Qc2 Nbd7 7. d4 Bd6 8. b3
Ne4 9. Nc3 Ndf6 10. Nd2 Nxd2 11. Bxd2 O-O 12. Rad1 Bd7 13. c5 Bc7 14. f4 b6 15.
b4 bxc5 16. bxc5 Ba5 17. Rb1 Bc8 18. Rb3 Ba6 19. Rfb1 Bxc3 20. Bxc3 Rc8 21. Ra3
Bb5 22. Rxa7 Ra8 23. Rxa8 Qxa8 24. Bf3 Qa6 25. Bb4 Ra8 26. a3 Bc4 27. Re1 Bb5
28. f5 Ba4 29. Qb1 Qc4 30. e3 exf5 31. Qxf5 Bc2 32. Qf4 Re8 33. Be2 Bd3 34.
Bxd3 Qxd3 35. Qf1 Qb3 36. Qe2 Re4 37. h3 Re6 38. Kg2 Ne4 39. Qd1 Qc4 40. Qe2
Qb3 41. Qd1 Qc4 42. h4 Rf6 43. Re2 Rg6 44. Be1 Qa6 45. a4 Qa8 46. Rb2 Qd8 47.
Qh5 Qc7 48. Qe5 Qxe5 49. dxe5 Nxc5 50. Rb8+ Kh7 51. a5 Rg4 52. Kf3 Ra4 53. Rb6
Nd3 54. Bc3 h5 55. Rxc6 Ra2 56. e4 dxe4+ 57. Kxe4 Nf2+ 58. Kd5 Ra4 59. a6 Ne4
60. Rc4 Nxc3+ 61. Rxc3 Rxa6 62. Rf3 Kg6 63. Rf4 Ra5+ 64. Kd6 Ra6+ 1/2-1/2

[Event "Oberschwaben-chB"]
[Site "Markdorf"]
[Date "2009.05.22"]
[Round "3.3"]
[White "Scherbaum, Guenter"]
[Black "Benkö, Florian"]
[Result "0-1"]
[WhiteElo "1804"]
[BlackElo "1683"]
[PlyCount "52"]
[EventDate "2009.??.??"]
[WhiteTeam "SC Lindau"]
[BlackTeam "SC Tettnang"]

1. e4 Nc6 2. Nf3 d5 3. exd5 Qxd5 4. Nc3 Qa5 5. d4 Bg4 6. Bb5 e6 7. h3 Bh5 8. g4
Bg6 9. Ne5 Bb4 10. Bxc6+ bxc6 11. Bd2 Ne7 12. Qf3 Qb6 13. O-O-O Rb8 14. Na4 Qa6
15. Bxb4 Qxa4 16. Nxg6 hxg6 17. Ba3 Nd5 18. Qg3 Nb4 19. Bxb4 Rxb4 20. Qxc7 O-O
21. c3 Rb6 22. f4 Qxa2 23. Kd2 Rxb2+ 24. Ke3 Re2+ 25. Kd3 Qa6+ 26. c4 Qa2 0-1

[Event "Oberschwaben-chB"]
[Site "Markdorf"]
[Date "2009.05.22"]
[Round "3.4"]
[White "Starcevic, Bozo"]
[Black "Rünz, Wilfried"]
[Result "1-0"]
[WhiteElo "1784"]
[BlackElo "1657"]
[PlyCount "73"]
[EventDate "2009.??.??"]
[WhiteTeam "SC Tettnang"]
[BlackTeam "SK Leutkirch"]

1. d4 d5 2. Nf3 Nf6 3. c4 e6 4. Bg5 c6 5. Nc3 Nbd7 6. e3 Qa5 7. cxd5 exd5 8.
Bd3 Bb4 9. Qc2 O-O 10. O-O Bd6 11. a3 h6 12. Bxf6 Nxf6 13. Ne5 Qc7 14. f4 a6
15. Rac1 Bd7 16. Qe2 Qc8 17. Na4 Qd8 18. Bb1 Rb8 19. Qc2 Ne4 20. Nc3 f5 21. Rf3
Kh7 22. Ne2 Be8 23. Rh3 g5 24. g4 Bxe5 25. dxe5 fxg4 26. Rg3 Bd7 27. Nd4 gxf4
28. exf4 Rxf4 29. e6 Be8 30. Ne2 Rf6 31. Qc3 h5 32. Qe5 Kg7 33. Rg2 Qd6 34. Qd4
Qxe6 35. Nf4 Qe7 36. Rf1 Qc5 37. Ne6+ 1-0

[Event "Oberschwaben-chB"]
[Site "Markdorf"]
[Date "2009.05.22"]
[Round "3.5"]
[White "Stadelmayer, Bernd"]
[Black "Leser, Alfred"]
[Result "1/2-1/2"]
[WhiteElo "1704"]
[BlackElo "1782"]
[PlyCount "130"]
[EventDate "2009.??.??"]
[WhiteTeam "SK Leutkirch"]
[BlackTeam "SF Mengen"]

1. d4 Nf6 2. Nf3 e6 3. g3 b6 4. Bg2 Bb7 5. O-O c5 6. c3 d5 7. Ne5 a6 8. Nd2 Be7
9. dxc5 Qc7 10. Ndf3 Bxc5 11. Bg5 Nbd7 12. Nd3 Bd6 13. Nd4 h6 14. Bxf6 Nxf6 15.
Rc1 b5 16. a4 Qd7 17. b3 e5 18. Nc2 O-O 19. axb5 axb5 20. f3 Rfc8 21. Ncb4 e4
22. fxe4 dxe4 23. Nf4 Bc5+ 24. Kh1 Qe8 25. Nbd5 Ng4 26. Bh3 Nf2+ 27. Rxf2 Bxf2
28. Bxc8 Rxc8 29. e3 Rd8 30. c4 Bxe3 31. Qg4 Bxd5 32. Nh5 Bd4 33. cxd5 Rxd5 34.
Nf4 Rg5 35. Rc8 Rxg4 36. Rxe8+ Kh7 37. Rxe4 Bc3 38. Re7 f6 39. Ne2 Be5 40. Rb7
b4 41. Nf4 Bc3 42. Kg2 Rg5 43. Ne6 Rg4 44. Kf3 f5 45. h3 Re4 46. Nf8+ Kg8 47.
Nd7 Re7 48. Rb8+ Kf7 49. Nb6 Be5 50. Rc8 Rc7 51. Rxc7+ Bxc7 52. Nd5 Bd6 53. g4
Ke6 54. Ne3 fxg4+ 55. hxg4 Be5 56. Ke4 Bc3 57. Nf5 Kf6 58. Ne3 Kg5 59. Kf3 Bd2
60. Ng2 Kf6 61. Ke4 g5 62. Kd3 Bc3 63. Ke4 Ke6 64. Ne3 Bd2 65. Nf5 Kf6 1/2-1/2